When the king rides / (Record no. 113769)
[ view plain ]
| 000 -LEADER | |
|---|---|
| fixed length control field | 00588nam a2200217 a 4500 |
| 001 - CONTROL NUMBER | |
| control field | 0656 |
| 005 - DATE AND TIME OF LATEST TRANSACTION | |
| control field | 20140414132038.0 |
| 008 - FIXED-LENGTH DATA ELEMENTS--GENERAL INFORMATION | |
| fixed length control field | 040915s19uu xx 00 eng d |
| 020 ## - INTERNATIONAL STANDARD BOOK NUMBER | |
| International Standard Book Number | 1-86388-977-9 |
| 050 ## - LIBRARY OF CONGRESS CALL NUMBER | |
| Classification number | TR |
| Item number | W56 1986 |
| 100 ## - MAIN ENTRY--PERSONAL NAME | |
| Personal name | Mahy. Margaret |
| 245 ## - TITLE STATEMENT | |
| Title | When the king rides / |
| Statement of responsibility, etc | by Margaret Mahy ; illustrated by Betina Ogden. |
| 260 ## - PUBLICATION, DISTRIBUTION, ETC. (IMPRINT) | |
| Place of publication, distribution, etc | Australia : |
| Name of publisher, distributor, etc | Scholastic Australia, |
| Date of publication, distribution, etc | 1986. |
| 300 ## - PHYSICAL DESCRIPTION | |
| Extent | 16 p. : ill. ; cm. |
| 526 ## - STUDY PROGRAM INFORMATION NOTE | |
| Program name | Junior Prep |
| 650 ## - SUBJECT ADDED ENTRY--TOPICAL TERM | |
| Topical term or geographic name as entry element | Kings |
| General subdivision | fiction. |
| 650 ## - SUBJECT ADDED ENTRY--TOPICAL TERM | |
| Topical term or geographic name as entry element | Children stories. |
| Withdrawn status | Lost status | Damaged status | Use restrictions | Home library | Current library | Shelving location | Date acquired | Source of acquisition | Total Checkouts | Full call number | Barcode | Date last seen | Price effective from | Koha item type |
|---|---|---|---|---|---|---|---|---|---|---|---|---|---|---|
| Munich Library | Munich Library | Teachers Reference Section | 09/15/2004 | TR W56 1986 | M5404 | 04/14/2014 | 04/14/2014 | Books | ||||||
| Munich Library | Munich Library | Teachers Reference Section | 09/15/2004 | TR W56 1986 | M5403 | 04/14/2014 | 04/14/2014 | Books | ||||||
| Munich Library | Munich Library | Teachers Reference Section | 09/15/2004 | TR W56 1986 | M5402 | 04/14/2014 | 04/14/2014 | Books |